Normal view MARC view

Entry Corporate Name

Number of records used in: 7

001 - CONTROL NUMBER

  • control field: 57990

003 - CONTROL NUMBER IDENTIFIER

  • control field: dpl

005 - DATE AND TIME OF LATEST TRANSACTION

  • control field: 20231023114840.0

008 - FIXED-LENGTH DATA ELEMENTS

  • fixed length control field: 231023|| aca||aabn | a|a d

040 ## - CATALOGING SOURCE

  • Original cataloging agency: dpl
  • Transcribing agency: dpl

110 ## - HEADING--CORPORATE NAME

  • Corporate name or jurisdiction name as entry element: Shrivastava Satish Kumar

670 ## - SOURCE DATA FOUND

  • Source citation: Work cat.: (dpl)198817: Foundation Biology 2023;Content Based on Ncert Curriculum/, 2023

© Delhi Public Library
Hit Counter
free hit counter